Every Portland Trailblazers AllStar. - Statistics

General Stats
  • This quiz has been taken 9 times
  • The average score is 7 of 16
Answer Stats
Year/Years Number of AllStars Player % Correct
2013,2014,2017,2018,2019,2020,2022 7x Damian Lillard
100%
2011,2012,2013,2014 4x Lamarcus Aldridge
100%
1976,1977 2x Bill Walton
88%
2007,2008,2009 3x Brandon Roy
75%
1985,1987,1988,1989,1990,1991,1992,1993 8x Clyde Drexler
75%
1999,2000 2x Rasheed Wallace
38%
1990 1x Terry Porter
38%
1993 1x Clifford Robinson
25%
1971,1973 2x Geoff Petrie
25%
1982,1983 2x Jim Paxson
25%
1977,1978 2x Maurice Lucas
25%
1971,1972,1973,1974 4x Sidney Wicks
25%
1979 1x Kermit Washington
13%
1988,1990 2x Kevin Duckworth
13%
1977 1x Lionel Hollins
13%
1987 1x Steve Johnson
0%
No matching quizzes found
Score Distribution
Percent of People with Each Score
Percentile by Number Answered
Your Score History
You have not taken this quiz